[Event "3rd EUR-ch"]
[Site "Batumi GEO"]
[Date "2002.06.20"]
[Round "8"]
[White "Gurcan, Selim"]
[Black "Zhukova, Natalia"]
[Result "0-1"]
[WhiteElo "2283"]
[BlackElo "2425"]
[EventDate "2002.06.12"]
[PlyCount "92"]

1.e4 e6 2.d4 d5 3.Nc3 Nf6 4.e5 Nfd7 5.Nce2 c5 6.f4 Nc6 7.c3 Qb6 8.Nf3 f6 
9.a3 Be7 10.h4 cxd4 11.cxd4 O-O 12.Rh3 a5 13.b3 Qa7 14.Ra2 b5 15.Nc3 b4 
16.Nb5 Qb6 17.a4 Ba6 18.Bd3 Rfc8 19.Be3 Nf8 20.exf6 Bxf6 21.Ne5 Na7 22.Qh5
Bxe5 23.dxe5 Qd8 24.Bd4 Nc6 25.Be3 Bxb5 26.axb5 Ne7 27.Bd2 d4 28.Rg3 Nd5 
29.Qg4 Qe7 30.Bc4 Nb6 31.Bd3 Nd5 32.Bc4 Rc5 33.Bxd5 Rxd5 34.Rd3 Nd7 35.Kf1
Rf8 36.Kg1 Nc5 37.Rf3 Ne4 38.Rd3 Nc3 39.Rxa5 Nxb5 40.Ra6 Re8 41.Rb6 Nc3 
42.h5 Rd7 43.Rg3 d3 44.Kh2 Ne4 45.Bxb4 Qf7 46.Bd6 Nf2 0-1

[Event "3rd EUR-ch"]
[Site "Batumi GEO"]
[Date "2002.06.20"]
[Round "8"]
[White "Velicka, Petr"]
[Black "Atakisi, Umut"]
[Result "1-0"]
[WhiteElo "2437"]
[BlackElo "2358"]
[EventDate "2002.06.12"]
[PlyCount "81"]

1.e4 c5 2.Nf3 Nc6 3.d4 cxd4 4.Nxd4 Nf6 5.Nc3 e5 6.Ndb5 d6 7.Bg5 a6 8.Na3 
b5 9.Bxf6 gxf6 10.Nd5 Bg7 11.c3 f5 12.exf5 Bxf5 13.Nc2 O-O 14.Nce3 Bd7 15.
Bd3 f5 16.Bc2 Kh8 17.O-O e4 18.Qh5 b4 19.f3 Qe8 20.Qxe8 Raxe8 21.fxe4 bxc3
22.bxc3 Ne7 23.exf5 Nxd5 24.Nxd5 Re2 25.Bd3 Rd2 26.f6 Bh6 27.Rfd1 Rb2 28.
Bxa6 Ra8 29.Bc4 Ra4 30.Bb3 Rg4 31.g3 Bc6 32.Rab1 Re2 33.Re1 Rge4 34.Rxe2 
Rxe2 35.Bc4 Re8 36.Ne7 Ba4 37.f7 Rd8 38.Bd5 Bc2 39.Re1 Bg5 40.Nc6 Rf8 41.
Nd4 1-0

[Event "3rd EUR-ch"]
[Site "Batumi GEO"]
[Date "2002.06.20"]
[Round "8"]
[White "Kallio, Heikki"]
[Black "Dovliatov, Sanan"]
[Result "0-1"]
[WhiteElo "2502"]
[BlackElo "2318"]
[EventDate "2002.06.12"]
[PlyCount "92"]

1.c4 f5 2.g3 Nf6 3.Bg2 g6 4.Nc3 Bg7 5.d4 O-O 6.Nh3 e6 7.O-O d6 8.b3 c6 9.
Qc2 Na6 10.Bb2 Qe7 11.e4 e5 12.dxe5 dxe5 13.Ng5 f4 14.Nf3 Nh5 15.Nb1 Bg4 
16.Nbd2 Rad8 17.Qc3 Nb4 18.c5 a5 19.a3 Nd3 20.b4 Be6 21.Nc4 Nxb2 22.Nxb2 
g5 23.Rfd1 g4 24.Rxd8 Rxd8 25.Nh4 Bf6 26.Re1 axb4 27.axb4 Bxh4 28.gxh4 Rd4
29.Nd3 Bc4 30.Nb2 Ba6 31.Rd1 f3 32.Bf1 Nf4 33.Rxd4 exd4 34.Bc4+ Bxc4 35.
Qxc4+ Qf7 36.Kf1 Qxc4+ 37.Nxc4 Nd3 38.e5 Nxb4 39.e6 Kf8 40.Ne5 Ke7 41.Nxg4
Kxe6 42.h3 Kf5 43.Nh2 Kf4 44.Ng4 Nc2 45.Nf6 d3 46.Nh5+ Ke5 0-1

[Event "3rd EUR-ch"]
[Site "Batumi GEO"]
[Date "2002.06.20"]
[Round "8"]
[White "Guseinov, Gadir"]
[Black "Haznedaroglu, Kivanc"]
[Result "1-0"]
[WhiteElo "2510"]
[BlackElo "2345"]
[EventDate "2002.06.12"]
[PlyCount "91"]

1.e4 e5 2.Nf3 Nc6 3.Bb5 Nf6 4.d3 d6 5.c3 Bd7 6.O-O g6 7.d4 Bg7 8.d5 Ne7 9.
Bxd7+ Nxd7 10.c4 O-O 11.Be3 h6 12.Nfd2 f5 13.f3 Kh7 14.Nc3 Bf6 15.Kh1 Kg7 
16.Rc1 Bg5 17.Qe2 Bxe3 18.Qxe3 f4 19.Qe2 g5 20.b4 a5 21.a3 axb4 22.axb4 c5
23.dxc6 Nxc6 24.Nd5 Ra3 25.c5 Nd4 26.Qd1 dxc5 27.Nc4 Ra6 28.bxc5 Nxc5 29.
Nxe5 Nce6 30.Qd3 Qd6 31.Nc4 Qd8 32.Rfd1 b5 33.Nb2 Qd6 34.Nc7 Rd8 35.Nxa6 
Qxa6 36.Qc3 Kg6 37.Nd3 Kh5 38.Nc5 Nxc5 39.Qxc5 Nb3 40.Qe7 Rxd1+ 41.Rxd1 
Nd4 42.Qd7 Nc2 43.e5 Qa2 44.Qe8+ Kh4 45.Qg6 h5 46.Qf5 1-0

[Event "3rd EUR-ch"]
[Site "Batumi GEO"]
[Date "2002.06.20"]
[Round "8"]
[White "Maherramzade, Javad"]
[Black "Matnadze, Ana"]
[Result "1/2-1/2"]
[WhiteElo "2493"]
[BlackElo "2365"]
[EventDate "2002.06.12"]
[PlyCount "215"]

1.Nf3 Nf6 2.c4 e6 3.g3 b6 4.Bg2 Bb7 5.O-O Be7 6.b3 O-O 7.Bb2 c5 8.e3 Nc6 
9.Nc3 d5 10.cxd5 exd5 11.d4 Rc8 12.Re1 Ne4 13.dxc5 Nxc3 14.Bxc3 bxc5 15.
Qd2 Qd6 16.Qb2 Rfd8 17.Red1 Bf8 18.Rd2 Ne7 19.Rad1 Qa6 20.Qa1 h6 21.Ne5 
Qb6 22.Bb2 f6 23.Nd3 d4 24.Bxb7 dxe3 25.Bxc8 exd2 26.Rxd2 Nxc8 27.Qc1 Qb5 
28.Nf4 Re8 29.Nd5 Qc6 30.Rd1 Nb6 31.Ne3 Qf3 32.Qc2 h5 33.a4 Nc8 34.Qc4+ 
Kh7 35.Qd3+ Kh8 36.Ng2 Qg4 37.Nf4 Ne7 38.Re1 Kg8 39.Qc4+ Kh7 40.Qc2+ Kg8 
41.Qxc5 Rc8 42.Qxh5 Qxh5 43.Nxh5 Nd5 44.Rd1 Nb4 45.Nf4 Rc2 46.Ba3 a5 47.
Rd8 Kf7 48.Rd7+ Ke8 49.Ra7 Bc5 50.Rxa5 Bxf2+ 51.Kf1 Nc6 52.Ra8+ Kd7 53.Ne2
Bb6 54.b4 Ra2 55.Bc1 Nxb4 56.Bf4 g5 57.Bb8 Nc2 58.Ra6 Ne3+ 59.Ke1 Nc4 60.
Kf1 Kc8 61.a5 Kxb8 62.Rxb6+ Nxb6 63.axb6 g4 64.Kf2 Kb7 65.Ke3 Kxb6 66.Nf4 
Kc6 67.Ke4 Kd6 68.Kf5 Ke7 69.Kxg4 Rxh2 70.Kf5 Kf7 71.g4 Ra2 72.Ke4 Ra4+ 
73.Kf5 Ra5+ 74.Ke4 Kg7 75.Kf3 Kh6 76.Kg3 Ra3+ 77.Kh4 Ra4 78.Kg3 Ra3+ 79.
Kh4 Rf3 80.Ne6 Kg6 81.Nd4 Rd3 82.Ne2 Re3 83.Ng3 Kf7 84.Nf5 Ra3 85.Nd4 Ra4 
86.Nf3 f5 87.Kg5 Ra3 88.Kf4 fxg4 89.Kxg4 Kf6 90.Kf4 Ra4+ 91.Ke3 Kf5 92.
Nd4+ Ke5 93.Nf3+ Kd5 94.Nd2 Rh4 95.Nf3 Re4+ 96.Kd3 Re8 97.Nd2 Rb8 98.Ke3 
Re8+ 99.Kd3 Ra8 100.Ke3 Ra4 101.Nf3 Rb4 102.Nd2 Rb8 103.Nf3 Re8+ 104.Kd3 
Kc5 105.Nd2 Rd8+ 106.Ke3 Kb4 107.Ne4 Kc4 108.Nd2+ 1/2-1/2

[Event "3rd EUR-ch"]
[Site "Batumi GEO"]
[Date "2002.06.20"]
[Round "8"]
[White "Jojua, Davit"]
[Black "Malakhatko, Vadim"]
[Result "0-1"]
[WhiteElo "2125"]
[BlackElo "2517"]
[EventDate "2002.06.12"]
[PlyCount "54"]

1.e4 c6 2.d4 d5 3.Nd2 dxe4 4.Nxe4 Bf5 5.Ng3 Bg6 6.h4 h6 7.Nf3 Nd7 8.h5 Bh7
9.Bd3 Bxd3 10.Qxd3 e6 11.Bd2 Ngf6 12.O-O-O Be7 13.Qe2 O-O 14.Ne5 c5 15.
dxc5 Nxc5 16.Ng4 Qc7 17.Kb1 Rfd8 18.Bc3 Qf4 19.Rh4 Rxd1+ 20.Qxd1 Kh8 21.
Qd4 Qc7 22.Ne5 Kg8 23.Rh1 Rd8 24.Qc4 Nd5 25.Nf3 b5 26.Qe2 Nxc3+ 27.bxc3 
Na4 0-1

[Event "3rd EUR-ch"]
[Site "Batumi GEO"]
[Date "2002.06.20"]
[Round "8"]
[White "Bagaturov, Giorgi"]
[Black "Bagirov, Rufat"]
[Result "0-1"]
[WhiteElo "2434"]
[BlackElo "2516"]
[EventDate "2002.06.12"]
[PlyCount "124"]

1.c4 e6 2.d4 d5 3.Nc3 Bb4 4.e3 Nf6 5.a3 Bxc3+ 6.bxc3 O-O 7.cxd5 exd5 8.Bd3
c5 9.Ne2 b6 10.O-O Ba6 11.Bxa6 Nxa6 12.a4 Re8 13.Qd3 Qc8 14.Ba3 c4 15.Qc2 
Qe6 16.Rae1 Qe4 17.Qb2 Rad8 18.a5 Qe6 19.axb6 axb6 20.Nf4 Qc6 21.f3 Nc7 
22.Qb1 Ra8 23.Bb4 g6 24.Rf2 Ne6 25.Ne2 Ng7 26.Ng3 Nfh5 27.Nf1 f5 28.Ra2 
Rxa2 29.Qxa2 Nf4 30.Qa7 Nd3 31.Rb1 Ne6 32.Be7 b5 33.Qa3 f4 34.Qd6 Qxd6 35.
Bxd6 fxe3 36.Nxe3 Nxd4 37.Nxd5 Ne2+ 38.Kf1 Re6 39.Bg3 g5 40.Bf2 b4 41.cxb4
c3 42.Nxc3 Nxc3 43.Rb3 Re2 44.Rxc3 Rxf2+ 45.Kg1 Rd2 46.h4 gxh4 47.Rc4 h3 
48.Rg4+ Kf7 49.b5 Rb2 50.gxh3 Rxb5 51.Kg2 Kf6 52.Rd4 Rg5+ 53.Kf1 Nc5 54.
Kf2 Ne6 55.Ra4 Rd5 56.Kg3 h6 57.Rh4 h5 58.Ra4 Rd4 59.Ra5 h4+ 60.Kf2 Rd2+ 
61.Ke3 Rh2 62.Rh5 Re2+ 0-1

[Event "3rd EUR-ch"]
[Site "Batumi GEO"]
[Date "2002.06.20"]
[Round "8"]
[White "Aroshidze, Levan"]
[Black "Popov, Valery"]
[Result "1-0"]
[WhiteElo "2346"]
[BlackElo "2575"]
[EventDate "2002.06.12"]
[PlyCount "99"]

1.e4 c6 2.d4 d5 3.e5 Bf5 4.Nc3 e6 5.g4 Bg6 6.Nge2 f6 7.Nf4 fxe5 8.Nxe6 Qe7
9.Nxf8 exd4+ 10.Be2 dxc3 11.Nxg6 hxg6 12.Qd3 Nf6 13.Qxg6+ Kd8 14.bxc3 Nbd7
15.Qg5 Qe4 16.f3 Qxc2 17.Qd2 Qh7 18.h4 b5 19.Ba3 a5 20.Bd6 Re8 21.Bg3 b4 
22.Kf2 Nc5 23.Qf4 Re6 24.Qc7+ Ke8 25.Rhe1 bxc3 26.Bf1 Nce4+ 27.fxe4 Nxe4+ 
28.Kg2 Qg6 29.Bd3 Qxg4 30.Bxe4 dxe4 31.Rf1 Qg6 32.Rad1 Re7 33.Qf4 Rf7 34.
Qe5+ Re7 35.Qf4 Rf7 36.Qe5+ Re7 37.Qxc3 e3 38.Qb3 Qe4+ 39.Kh2 Qe6 40.Qxe6 
Rxe6 41.Rd6 Rxd6 42.Bxd6 Kd7 43.Bc5 e2 44.Rf7+ Ke6 45.Re7+ Kd5 46.Bf2 c5 
47.Rxe2 c4 48.Rd2+ Kc6 49.Bd4 Rh8 50.Kh3 1-0

[Event "3rd EUR-ch"]
[Site "Batumi GEO"]
[Date "2002.06.20"]
[Round "8"]
[White "Markowski, Tomasz"]
[Black "Petrov, Marijan"]
[Result "1/2-1/2"]
[WhiteElo "2538"]
[BlackElo "2469"]
[EventDate "2002.06.12"]
[PlyCount "78"]

1.g3 g6 2.Bg2 Bg7 3.c4 e5 4.Nc3 d6 5.d3 f5 6.Nf3 Nf6 7.O-O O-O 8.Rb1 h6 9.
b4 c6 10.c5 dxc5 11.bxc5 Nfd7 12.Ba3 Na6 13.Nd2 Re8 14.Na4 Bf8 15.Qb3+ Kh8
16.Rfc1 Qf6 17.e3 Kh7 18.h4 Rd8 19.Nf3 Qe7 20.Bb2 Bg7 21.d4 e4 22.Nd2 Nf6 
23.Nc4 Be6 24.Ba3 Nc7 25.Nc3 Rab8 26.Qa4 Bxc4 27.Qxc4 Ncd5 28.Nxd5 Nxd5 
29.Rb3 Rd7 30.Rcb1 Rf8 31.Qc2 Rf7 32.Bf1 g5 33.hxg5 Qxg5 34.Bc4 h5 35.Kg2 
Bh6 36.Bxd5 cxd5 37.c6 bxc6 38.Qxc6 Qg4 39.Rb8 Bxe3 1/2-1/2

[Event "3rd EUR-ch"]
[Site "Batumi GEO"]
[Date "2002.06.20"]
[Round "8"]
[White "Jirovsky, Milos"]
[Black "Aronian, Levon"]
[Result "0-1"]
[WhiteElo "2446"]
[BlackElo "2571"]
[EventDate "2002.06.12"]
[PlyCount "88"]

1.c4 Nf6 2.g3 e6 3.Bg2 d5 4.Nf3 dxc4 5.Qa4+ c6 6.Qxc4 b5 7.Qc2 Bb7 8.O-O 
a6 9.b3 Be7 10.Bb2 O-O 11.Ne5 Qb6 12.d3 c5 13.Nd2 Bxg2 14.Kxg2 Nd5 15.a3 
Qb7 16.Kg1 Nd7 17.Nxd7 Qxd7 18.Nf3 Rac8 19.Rac1 f6 20.Qd2 e5 21.Rc2 Rcd8 
22.Rb1 Qg4 23.Rcc1 h5 24.Kh1 g5 25.Qd1 e4 26.Ng1 Qe6 27.Qf1 e3 28.Qh3 Qg4 
29.Rf1 Rd6 30.Qxg4 hxg4 31.f3 f5 32.fxg4 fxg4 33.Kg2 Bf6 34.h3 Bxb2 35.
Rxf8+ Kxf8 36.Rxb2 Rf6 37.hxg4 Rf2+ 38.Kh1 Nc3 39.b4 c4 40.Rc2 Nxe2 41.
Nxe2 cxd3 42.Rc8+ Ke7 43.Nc3 e2 44.Nxe2 dxe2 0-1

[Event "3rd EUR-ch"]
[Site "Batumi GEO"]
[Date "2002.06.20"]
[Round "8"]
[White "Gelashvili, Tamaz"]
[Black "Cheparinov, Ivan"]
[Result "1-0"]
[WhiteElo "2547"]
[BlackElo "2457"]
[EventDate "2002.06.12"]
[PlyCount "101"]

1.g3 Nf6 2.Bg2 g6 3.e4 d6 4.d4 Bg7 5.Nc3 O-O 6.Nge2 Nfd7 7.O-O c5 8.dxc5 
Nxc5 9.Be3 Nc6 10.f4 Qa5 11.Qd2 Na4 12.Nxa4 Qxa4 13.c3 Bd7 14.f5 Ne5 15.b3
Qa6 16.h3 Qd3 17.Qxd3 Nxd3 18.Rad1 Ne5 19.Bg5 f6 20.Be3 Rfc8 21.c4 b5 22.
cxb5 Bxb5 23.Rd2 a5 24.Rfd1 Rab8 25.Nd4 Rc3 26.Bf4 g5 27.Bxe5 fxe5 28.Nxb5
Rxb5 29.g4 Rb4 30.Re1 Rd4 31.Rb2 Rb4 32.Bf1 d5 33.Rbe2 d4 34.Rd2 Kf8 35.
Kg2 Ke8 36.Bc4 Kd7 37.Ree2 Kd6 38.Rc2 Kc5 39.Red2 Rb6 40.a3 Rd6 41.Bd5 
Rxc2 42.Rxc2+ Kb6 43.Rc8 Rd7 44.Rc6+ Kb5 45.Kf2 Rd6 46.Rc7 Bf6 47.Ke2 Kb6 
48.Rb7+ Ka6 49.Rb8 Rd7 50.Bc4+ Ka7 51.Rb5 1-0

[Event "3rd EUR-ch"]
[Site "Batumi GEO"]
[Date "2002.06.20"]
[Round "8"]
[White "Potkin, Vladimir"]
[Black "Asrian, Karen"]
[Result "1/2-1/2"]
[WhiteElo "2493"]
[BlackElo "2591"]
[EventDate "2002.06.12"]
[PlyCount "45"]

1.e4 e6 2.d4 d5 3.e5 c5 4.c3 Qb6 5.Nf3 Bd7 6.a3 cxd4 7.cxd4 Bb5 8.Bxb5+ 
Qxb5 9.Nc3 Qd7 10.O-O Nc6 11.b4 Nge7 12.Qd3 Nc8 13.Bd2 a6 14.Na4 Nxe5 15.
Nxe5 Qxa4 16.f4 g6 17.f5 gxf5 18.Rxf5 exf5 19.Qxf5 Nd6 20.Qf6 Qc2 21.Nxf7 
Nxf7 22.Re1+ Qe4 23.Rxe4+ 1/2-1/2

[Event "3rd EUR-ch"]
[Site "Batumi GEO"]
[Date "2002.06.20"]
[Round "8"]
[White "Riazantsev, Alexander"]
[Black "Alexandrov, Alexei"]
[Result "1/2-1/2"]
[WhiteElo "2527"]
[BlackElo "2654"]
[EventDate "2002.06.12"]
[PlyCount "98"]

1.d4 Nf6 2.c4 e6 3.Nf3 d5 4.e3 Nbd7 5.Nc3 a6 6.b3 Bb4 7.Bd2 b6 8.Bd3 Bb7 
9.O-O Qe7 10.Rc1 O-O 11.Ne2 Ba3 12.Rc2 dxc4 13.Rxc4 c5 14.Ng3 Rfd8 15.Qe2 
b5 16.Rc2 h6 17.Bc1 cxd4 18.Nxd4 Ne5 19.Bxa3 Qxa3 20.Rc7 Nxd3 21.Rxb7 Ne5 
22.Nh5 Nxh5 23.Qxh5 Rd5 24.Rc7 Qxa2 25.h3 Rf8 26.Qh4 Rd7 27.Rc5 Ng6 28.Qe4
e5 29.Qc2 Qxc2 30.Nxc2 Rd3 31.Rb1 Rfd8 32.Nb4 Rd1+ 33.Rxd1 Rxd1+ 34.Kh2 
Rb1 35.Nxa6 Rxb3 36.Rc8+ Kh7 37.Rc7 f5 38.Rb7 Rb2 39.Nc7 Rxf2 40.Ne6 Kh8 
41.Rb8+ Kh7 42.Rb7 Nh4 43.Kg3 Rxg2+ 44.Kxh4 Kg8 45.Rxb5 Kf7 46.Nc7 g5+ 47.
Kh5 Rc2 48.Kxh6 Rxc7 49.Kxg5 f4 1/2-1/2

[Event "3rd EUR-ch"]
[Site "Batumi GEO"]
[Date "2002.06.20"]
[Round "8"]
[White "Graf, Alexander"]
[Black "Radulski, Yulian"]
[Result "1-0"]
[WhiteElo "2623"]
[BlackElo "2501"]
[EventDate "2002.06.12"]
[PlyCount "54"]

1.d4 d5 2.c4 e6 3.Nc3 Nf6 4.Nf3 Nbd7 5.cxd5 exd5 6.Bf4 c6 7.h3 Be7 8.e3 
Nf8 9.Bd3 Ne6 10.Be5 O-O 11.Qc2 g6 12.h4 Ng7 13.O-O-O Bg4 14.Rdg1 Rc8 15.
Kb1 b5 16.Ng5 a6 17.f3 Bf5 18.h5 h6 19.hxg6 Bxd3 20.Qxd3 hxg5 21.Rh6 fxg6 
22.Rgh1 Qe8 23.Rxg6 Rf7 24.Rgh6 Rf8 25.g4 Bd8 26.f4 gxf4 27.g5 Qe6 1-0

[Event "3rd EUR-ch"]
[Site "Batumi GEO"]
[Date "2002.06.20"]
[Round "8"]
[White "Gashimov, Vugar"]
[Black "Kotronias, Vasilios"]
[Result "1/2-1/2"]
[WhiteElo "2470"]
[BlackElo "2580"]
[EventDate "2002.06.12"]
[PlyCount "156"]

1.e4 c5 2.Nf3 Nc6 3.d4 cxd4 4.Nxd4 Nf6 5.Nc3 d6 6.Be2 g6 7.O-O Bg7 8.Nb3 
O-O 9.Re1 a6 10.Bf1 b5 11.Nd5 Nd7 12.c3 e6 13.Nf4 Nb6 14.Be3 Na4 15.Qd2 
Ne5 16.f3 Rb8 17.Nd4 Qc7 18.Rac1 Bd7 19.b3 Nc5 20.Red1 Rbd8 21.Nc2 Bc8 22.
Qf2 f5 23.exf5 Rxf5 24.Nd4 Rf6 25.Qg3 Rdf8 26.Be2 Bh6 27.Nd5 Bxe3+ 28.Nxe3
Qg7 29.c4 Rf4 30.Ndc2 bxc4 31.Nxc4 Nxc4 32.Bxc4 d5 33.Bf1 Bb7 34.Ne3 Qe7 
35.Qe1 d4 36.Ng4 Qg5 37.b4 Ne4 38.Rxd4 Rxg4 39.Rxe4 Rxe4 40.fxe4 Bxe4 41.
a4 Bd5 42.Rd1 Rf4 43.Qd2 Qf5 44.Re1 a5 45.bxa5 Rxa4 46.a6 Ra2 47.Qe3 Qg4 
48.Qg3 Qxg3 49.hxg3 h5 50.Be2 Kg7 51.g4 hxg4 52.Kh2 Kf6 53.Bf1 Kg5 54.Rb1 
Ra3 55.g3 Ra2+ 56.Kg1 Kf5 57.Rb8 Ke5 58.Rf8 Bf3 59.Re8 Bd5 60.Rf8 g5 61.
Rf7 Kd4 62.a7 Bf3 63.Rd7+ Ke5 64.Bc4 Ra4 65.Bb5 Ra5 66.Bc4 Ra4 67.Bb5 Ra5 
68.Bc4 Ra3 69.Kf2 Ra4 70.Bb5 Ra5 71.Bc4 Ra3 72.Re7 Bd5 73.Bxd5 Kxd5 74.Rb7
e5 75.Ke2 Ra2+ 76.Ke3 Ra3+ 77.Ke2 Ra2+ 78.Ke3 Ra3+ 1/2-1/2

[Event "3rd EUR-ch"]
[Site "Batumi GEO"]
[Date "2002.06.20"]
[Round "8"]
[White "Sargissian, Gabriel"]
[Black "Anastasian, Ashot"]
[Result "1-0"]
[WhiteElo "2538"]
[BlackElo "2591"]
[EventDate "2002.06.12"]
[PlyCount "83"]

1.d4 Nf6 2.c4 e6 3.Nc3 Bb4 4.Qc2 c5 5.dxc5 Qc7 6.Nf3 a6 7.g3 Bxc5 8.Bf4 d6
9.Bg2 h6 10.O-O e5 11.Bd2 Be6 12.Nh4 O-O 13.Rac1 Nc6 14.Nd5 Qd8 15.Nf5 Rc8
16.Qb1 Nxd5 17.cxd5 Bxf5 18.Qxf5 Nd4 19.Qd3 f5 20.e4 Qe8 21.exf5 Qh5 22.
Kh1 Rce8 23.Be4 Nxf5 24.Kg2 Qg4 25.f3 Qg6 26.Rce1 Qf6 27.b4 Bb6 28.Kh1 Qf7
29.f4 Qh5 30.Kg2 Rf6 31.fxe5 Rxe5 32.Bf4 Re8 33.Bf3 Qg6 34.Rxe8+ Qxe8 35.
Be4 Qf7 36.Bd2 Ne7 37.Rxf6 Qxf6 38.Bf3 Ng6 39.Qc2 Qd4 40.Qxg6 Qxd2+ 41.Kh3
Qe3 42.Be4 1-0

[Event "3rd EUR-ch"]
[Site "Batumi GEO"]
[Date "2002.06.20"]
[Round "8"]
[White "Delchev, Alexander"]
[Black "Volkov, Sergei"]
[Result "0-1"]
[WhiteElo "2550"]
[BlackElo "2609"]
[EventDate "2002.06.12"]
[PlyCount "78"]

1.e4 e6 2.d4 d5 3.e5 c5 4.c3 Qb6 5.Nf3 Bd7 6.a3 a5 7.b3 Ne7 8.dxc5 Qxc5 9.
c4 Qc7 10.Nc3 Bc6 11.Bb2 Nd7 12.cxd5 Nxd5 13.Nb5 Qb6 14.Nbd4 a4 15.Bc4 
axb3 16.O-O Nc5 17.Nxb3 Ba4 18.Nfd2 Nxb3 19.Nxb3 Rc8 20.Bxd5 exd5 21.e6 
Qxb3 22.Qg4 fxe6 23.Rab1 d4 24.Bxd4 Qd5 25.Rfe1 Bd7 26.Re5 Qc4 27.Rbe1 Rc6
28.R5e4 Qd5 29.Re5 Qd6 30.h4 Kf7 31.Ba1 h6 32.h5 Qxa3 33.R5e3 Qb4 34.Qg6+ 
Kg8 35.Rd1 e5 36.Qd3 Rd6 37.Qe2 Bb5 38.Qf3 Qf4 39.Rxd6 Qxf3 0-1

[Event "3rd EUR-ch"]
[Site "Batumi GEO"]
[Date "2002.06.20"]
[Round "8"]
[White "Gagunashvili, Merab"]
[Black "Kacheishvili, Giorgi"]
[Result "1/2-1/2"]
[WhiteElo "2472"]
[BlackElo "2584"]
[EventDate "2002.06.12"]
[PlyCount "94"]

1.d4 Nf6 2.c4 e6 3.Nf3 b6 4.g3 Ba6 5.Qa4 Bb7 6.Bg2 c5 7.dxc5 Bxc5 8.Nc3 
Ne4 9.Nxe4 Bxe4 10.O-O O-O 11.Rd1 Qf6 12.Qb3 Nc6 13.Rxd7 Na5 14.Qc3 Qxc3 
15.bxc3 Bc6 16.Rd3 Nxc4 17.Nd4 Bxg2 18.Kxg2 Rfc8 19.a4 Kf8 20.Nb3 Ke7 21.
a5 b5 22.a6 Rab8 23.Na5 Nd6 24.Bf4 Rb6 25.Rad1 Rxa6 26.Nb7 Nxb7 27.Rd7+ 
Kf6 28.Rxb7 g5 29.Bc1 Kg6 30.Rdd7 Ra1 31.Bd2 Rd1 32.Rxb5 h6 33.Rd3 Bb6 34.
h4 Rc5 35.Rxc5 Bxc5 36.hxg5 hxg5 37.c4 g4 38.Bc3 Rxd3 39.exd3 Bb6 40.f3 f5
41.d4 a5 42.f4 a4 43.c5 Bc7 44.Bb4 Kf7 45.Kf2 Ke8 46.Ke3 Kd7 47.Kd3 Kc6 
1/2-1/2

[Event "3rd EUR-ch"]
[Site "Batumi GEO"]
[Date "2002.06.20"]
[Round "8"]
[White "Izoria, Zviad"]
[Black "Baklan, Volodymyr"]
[Result "1/2-1/2"]
[WhiteElo "2556"]
[BlackElo "2618"]
[EventDate "2002.06.12"]
[PlyCount "39"]

1.d4 Nf6 2.Nf3 e6 3.c4 b6 4.e3 Bb7 5.Nc3 a6 6.Bd3 d5 7.O-O Nbd7 8.cxd5 
exd5 9.Qc2 Be7 10.b3 O-O 11.Bb2 Bd6 12.Ne2 Re8 13.Rac1 g6 14.Ne5 c5 15.
Nxd7 Nxd7 16.Ng3 Qh4 17.Rfd1 Rac8 18.dxc5 bxc5 19.Bc4 Nb6 20.Bf1 1/2-1/2

[Event "3rd EUR-ch"]
[Site "Batumi GEO"]
[Date "2002.06.21"]
[Round "9"]
[White "Macieja, Bartlomiej"]
[Black "Galkin, Alexander"]
[Result "1/2-1/2"]
[WhiteElo "2584"]
[BlackElo "2569"]
[EventDate "2002.06.12"]
[PlyCount "41"]

1.e4 c6 2.Nc3 d5 3.d4 dxe4 4.Nxe4 Nd7 5.Ng5 Ngf6 6.Bd3 e6 7.N1f3 Bd6 8.Qe2
h6 9.Ne4 Nxe4 10.Qxe4 Qc7 11.a4 b6 12.a5 Rb8 13.Qg4 Kf8 14.axb6 axb6 15.
O-O c5 16.Qh4 c4 17.Be2 Bb7 18.Nd2 b5 19.Bf3 g5 20.Qh3 Nf6 21.Bxb7 1/2-1/2

[Event "3rd EUR-ch"]
[Site "Batumi GEO"]
[Date "2002.06.21"]
[Round "9"]
[White "Fedorov, Alexei"]
[Black "Sargissian, Gabriel"]
[Result "1/2-1/2"]
[WhiteElo "2598"]
[BlackElo "2538"]
[EventDate "2002.06.12"]
[PlyCount "43"]

1.e4 d6 2.d4 Nf6 3.Bd3 e5 4.c3 Nbd7 5.Nf3 Be7 6.O-O O-O 7.Nbd2 c6 8.Re1 
Re8 9.Nf1 Qc7 10.Ng3 Nf8 11.h3 Ng6 12.Be3 h6 13.Qd2 Bf8 14.b3 a5 15.a4 Bd7
16.Rad1 Rad8 17.Qc1 Bc8 18.Bc2 Nh7 19.c4 Be7 20.Nf1 Nh4 21.N1h2 Nf8 22.
Nxh4 1/2-1/2

[Event "3rd EUR-ch"]
[Site "Batumi GEO"]
[Date "2002.06.21"]
[Round "9"]
[White "Jobava, Baadur"]
[Black "Graf, Alexander"]
[Result "1/2-1/2"]
[WhiteElo "2566"]
[BlackElo "2623"]
[EventDate "2002.06.12"]
[PlyCount "55"]

1.d4 Nf6 2.c4 e6 3.Nc3 Bb4 4.e3 b6 5.Ne2 c5 6.a3 Ba5 7.g3 Nc6 8.Bg2 Ba6 9.
Qa4 Bxc3+ 10.Nxc3 Na5 11.b4 Bb7 12.Bxb7 Nxb7 13.O-O O-O 14.Rd1 Qc7 15.Qa6 
cxb4 16.axb4 Nd6 17.c5 Nde4 18.Bb2 Rfb8 19.Nxe4 Nxe4 20.Qc4 d5 21.Qe2 bxc5
22.bxc5 a5 23.f3 Nxg3 24.hxg3 Qxg3+ 25.Kf1 Qh3+ 26.Kg1 Qg3+ 27.Kf1 Qh3+ 
28.Kg1 1/2-1/2

[Event "3rd EUR-ch"]
[Site "Batumi GEO"]
[Date "2002.06.21"]
[Round "9"]
[White "Baklan, Volodymyr"]
[Black "Gelashvili, Tamaz"]
[Result "1/2-1/2"]
[WhiteElo "2618"]
[BlackElo "2547"]
[EventDate "2002.06.12"]
[PlyCount "159"]

1.e4 d5 2.exd5 Qxd5 3.Nc3 Qa5 4.Nf3 Nf6 5.g3 c6 6.Bg2 Bg4 7.b4 Qc7 8.O-O 
e6 9.b5 a6 10.bxc6 Nxc6 11.h3 Bh5 12.Ne2 Bd6 13.Bb2 e5 14.d4 O-O 15.g4 Bg6
16.dxe5 Nxe5 17.Nxe5 Bxe5 18.Bxe5 Qxe5 19.Re1 Rad8 20.Qc1 b5 21.Nf4 Qc5 
22.Qe3 Qxc2 23.g5 Nh5 24.Nd5 f6 25.Rac1 Qxa2 26.Ra1 Qc4 27.Ne7+ Kh8 28.
Rxa6 Qh4 29.gxf6 Rxf6 30.Rxf6 Qxf6 31.Nd5 Qf7 32.Qc5 Bd3 33.Re7 Qg6 34.Re5
Bc4 35.Qb6 Qxb6 36.Nxb6 Nf4 37.Nxc4 bxc4 38.Rc5 c3 39.Kh2 Nd3 40.Rxc3 Nxf2
41.Re3 Nd3 42.Kg3 Kg8 43.h4 Nc5 44.Bf3 Kf7 45.Re5 Rc8 46.Rf5+ Kg6 47.Rd5 
Kf7 48.Bg4 Rc7 49.Kf4 Ke7 50.Bf5 h6 51.Bg4 Nb7 52.Re5+ Kf7 53.Rf5+ Kg8 54.
Bf3 Nd6 55.Bd5+ Kh7 56.Rf8 Rc5 57.Be6 Kg6 58.Rd8 Nb5 59.Bg4 Rc4+ 60.Kg3 
Rc3+ 61.Kf4 Kf6 62.Rf8+ Ke7 63.Rg8 Kf7 64.Rd8 Rc4+ 65.Kg3 Nd4 66.Rd6 Rb4 
67.Ra6 Rb7 68.Rd6 Rb3+ 69.Kf4 Rb4 70.Kg3 Nc2 71.Rd7+ Kf6 72.Rd6+ Ke5 73.
Re6+ Kd4 74.Bf5 Kd5 75.Re7 Nd4 76.Bh7 Rb3+ 77.Kg4 Rb4 78.Kg3 g5 79.hxg5 
hxg5 80.Rg7 1/2-1/2

[Event "3rd EUR-ch"]
[Site "Batumi GEO"]
[Date "2002.06.21"]
[Round "9"]
[White "Kotronias, Vasilios"]
[Black "Gagunashvili, Merab"]
[Result "0-1"]
[WhiteElo "2580"]
[BlackElo "2472"]
[EventDate "2002.06.12"]
[PlyCount "62"]

1.e4 d6 2.d4 Nf6 3.Nc3 g6 4.Bg5 c6 5.Qd2 b5 6.Bd3 Bg7 7.f4 O-O 8.a3 h6 9.
Bh4 e5 10.dxe5 dxe5 11.O-O-O Nbd7 12.Nf3 Qe7 13.fxe5 Nxe5 14.Be2 a5 15.
Nxe5 Qxe5 16.Bg3 Qe6 17.e5 Nd7 18.Ne4 Nxe5 19.Kb1 Nc4 20.Bxc4 Qxc4 21.Nd6 
Qg4 22.Bf4 g5 23.Be3 Be6 24.h4 b4 25.hxg5 bxa3 26.gxh6 Bxb2 27.Bd4 f6 28.
h7+ Kh8 29.c4 Rab8 30.Ka2 c5 31.Bxc5 Bxc4+ 0-1

[Event "3rd EUR-ch"]
[Site "Batumi GEO"]
[Date "2002.06.21"]
[Round "9"]
[White "Gaprindashvili, Valerian"]
[Black "Sulskis, Sarunas"]
[Result "1/2-1/2"]
[WhiteElo "2476"]
[BlackElo "2577"]
[EventDate "2002.06.12"]
[PlyCount "99"]

1.Nf3 d5 2.e3 c5 3.b3 Nc6 4.Bb2 a6 5.c4 d4 6.exd4 cxd4 7.d3 e5 8.Be2 Bb4+ 
9.Nbd2 Nge7 10.O-O O-O 11.a3 Bc3 12.Bxc3 dxc3 13.Ne4 Ng6 14.g3 f5 15.Nxc3 
f4 16.Ne4 Bh3 17.Re1 fxg3 18.hxg3 Qd7 19.Nh2 Nd4 20.Ra2 Rad8 21.Rd2 a5 22.
Bf1 Bxf1 23.Rxf1 Qh3 24.b4 Rf5 25.f3 axb4 26.axb4 Rdf8 27.Rg2 Rh5 28.Qd2 
Qd7 29.Qe3 Ne7 30.g4 Rh6 31.f4 exf4 32.Rxf4 Rxf4 33.Qxf4 Ne6 34.Qe3 Qa4 
35.Rf2 Qxb4 36.g5 Rg6 37.Nf6+ gxf6 38.Qxe6+ Kh8 39.Kh1 Ng8 40.gxf6 Qb1+ 
41.Rf1 Qb2 42.Rg1 Rxg1+ 43.Kxg1 Nxf6 44.Nf3 Kg7 45.Ne5 Qc1+ 46.Kf2 Qd2+ 
47.Kf3 Qd1+ 48.Kf2 Qd2+ 49.Kf3 Qd1+ 50.Kf2 1/2-1/2

[Event "3rd EUR-ch"]
[Site "Batumi GEO"]
[Date "2002.06.21"]
[Round "9"]
[White "Alexandrov, Alexei"]
[Black "Gashimov, Vugar"]
[Result "1/2-1/2"]
[WhiteElo "2654"]
[BlackElo "2470"]
[EventDate "2002.06.12"]
[PlyCount "151"]

1.d4 Nf6 2.c4 e6 3.Nc3 Bb4 4.e3 O-O 5.Bd3 d5 6.cxd5 exd5 7.Ne2 c5 8.a3 
cxd4 9.axb4 dxc3 10.Nxc3 d4 11.exd4 Nc6 12.b5 Nxd4 13.O-O Qd6 14.h3 Be6 
15.Be3 Rfd8 16.Ra4 Nf5 17.Bxf5 Bxf5 18.Qf3 Bc2 19.Rd4 Qe7 20.Rxd8+ Rxd8 
21.Bxa7 h6 22.Bb6 Rd7 23.Ra1 Qb4 24.Ra8+ Kh7 25.Bd8 Ng8 26.Qg4 Rd4 27.Qc8 
Rc4 28.Bc7 Nf6 29.Qh8+ Kg6 30.Be5 Qxb2 31.Rg8 Nxg8 32.Qxg8 f6 33.Qxc4 fxe5
34.Qe6+ Kh7 35.Qxe5 Bd3 36.f4 Kh8 37.Qc7 Kh7 38.b6 Qb4 39.Kh2 Qd4 40.Qe5 
Qxb6 41.Nd5 Qg6 42.Qe7 Be4 43.Ne3 Bc6 44.f5 Qf6 45.Qc5 h5 46.Kg1 Qg5 47.
Qe5 b5 48.Kf2 b4 49.Qd6 Be4 50.g3 b3 51.Qb4 Bxf5 52.Qxb3 Bxh3 53.Qc2+ Kh8 
54.Qe4 Qf6+ 55.Kg1 Be6 56.Qa8+ Bg8 57.Ng2 Kh7 58.Qe4+ g6 59.Nf4 Kg7 60.Kh2
Bf7 61.Nd3 g5 62.Qe5 Bg6 63.Qxf6+ Kxf6 64.Nf2 Bf5 65.Kg2 Ke5 66.Kf3 Be6 
67.Ke3 Kf5 68.Kf3 Bd5+ 69.Ke3 Bg2 70.Ke2 h4 71.gxh4 gxh4 72.Nd1 Kf4 73.Kf2
h3 74.Ne3 Be4 75.Nf1 Bc6 76.Nh2 1/2-1/2